Diffusion and Consequences of Green Innovations in Imperfectly Competitive Markets zborník vedeckých prác
Salvato in:
| Ente Autore: | |
|---|---|
| Altri autori: | , , , , |
| Natura: | Libro |
| Lingua: | slovacco inglese |
| Pubblicazione: |
Brno
Munipress
2022
|
| Edizione: | 1. vydanie |
| Soggetti: | |
| Tags: |
Nessun Tag, puoi essere il primo ad aggiungerne!!
|
MARC
| LEADER | 00000nam a2200000 4500 | ||
|---|---|---|---|
| 001 | 0289929 | ||
| 005 | 20240502083933.2 | ||
| 020 | |a 978-80-280-0181-0 | ||
| 041 | 0 | |a slo | |
| 041 | 0 | |a eng | |
| 044 | |a CZ | ||
| 245 | 1 | 0 | |a Diffusion and Consequences of Green Innovations in Imperfectly Competitive Markets |b zborník vedeckých prác |c redakčné a zostavovateľské práce: Nora Grisáková, Peter Štetka ; vededeckí recenzenti: Miroslav Tóth, Róbert Šlosár, Nikola Švejdová |
| 250 | |a 1. vydanie | ||
| 264 | 1 | |a Brno |b Munipress |c 2022 | |
| 300 | |a 137 s. [11,87 AH] | ||
| 610 | 2 | 0 | |a inovácie environmentálne |
| 610 | 2 | 0 | |a konkurencia |
| 610 | 2 | 0 | |a hospodárstvo obehové |
| 610 | 2 | 0 | |a ekonomika zelená |
| 610 | 2 | 0 | |a rozvoj trvalo udržateľný |
| 610 | 2 | 0 | |a podnik malý |
| 610 | 2 | 0 | |a podnik stredný |
| 610 | 2 | 0 | |a Slovensko |
| 610 | 2 | 0 | |a Európska únia |
| 700 | 1 | |a Grisáková, Nora, 1978- | |
| 700 | 1 | |a Štetka, Peter, 1986- | |
| 700 | 1 | |a Tóth, Miroslav, 1961- | |
| 700 | 1 | |a Šlosár, Róbert | |
| 700 | 1 | |a Švejdová, Nikola | |
| 710 | 2 | |a Fakulta podnikového manažmentu EU. Katedra podnikovohospodárska | |